[Event "FB1 2122 SV Hemer 1932 - SK Schwäbisch"]
[Site "?"]
[Date "2022.04.09"]
[Round "7.3"]
[White "Daulyte-Cornette, Deimante"]
[Black "Ricken, Katharina"]
[Result "1-0"]
[WhiteElo "2368"]
[BlackElo "2189"]
[PlyCount "77"]
[EventDate "2022.??.??"]

1. e4 e6 2. d4 d5 3. e5 c5 4. c3 Nc6 5. Nf3 Nge7 6. Na3 Bd7 7. Be2 Rc8 8. O-O
cxd4 9. cxd4 Nf5 10. Nc2 Qb6 11. Kh1 a5 12. Rb1 Nb4 13. Nxb4 axb4 14. Qd3 h5
15. Bg5 Be7 16. Bxe7 Kxe7 17. Qd2 b3 18. axb3 Qxb3 19. Bd3 Bb5 20. Bxb5 Qxb5
21. Nh4 Nxh4 22. Qg5+ Kd7 23. Qxh4 Qb4 24. Qf4 Rhf8 25. Rfd1 Rc2 26. h3 Rxb2
27. Rbc1 Qb3 28. Qg5 g6 29. Qh6 Re8 30. Qf4 Rf8 31. Kh2 Qa2 32. Kg1 Qb3 33. Qh6
Re8 34. Qg7 Re7 35. Qf8 Rc2 36. Rb1 Rb2 37. Rdc1 Qc4 38. Qb8 Re8 39. Qd6+ 1-0

[Event "FB1 2122 SV Hemer 1932 - SK Schwäbisch"]
[Site "?"]
[Date "2022.04.09"]
[Round "7.4"]
[White "Sewald, Kathrin"]
[Black "Ambartsumova, Karina"]
[Result "0-1"]
[WhiteElo "1977"]
[BlackElo "2382"]
[PlyCount "80"]
[EventDate "2022.??.??"]

1. e4 e5 2. Nf3 Nc6 3. Bc4 Bc5 4. Bb3 Nf6 5. d3 O-O 6. Nbd2 d5 7. Qe2 a5 8. c3
a4 9. Bc2 Re8 10. O-O h6 11. Nh4 Bg4 12. Ndf3 Nh5 13. g3 Qd7 14. Ng2 d4 15. Kh1
f5 16. exf5 Qxf5 17. Ngh4 Qf7 18. Bd1 Rf8 19. Qe4 Nf6 20. Qe1 g5 21. Ng2 Qh5
22. Qe2 dxc3 23. bxc3 Nd5 24. Qe4 Rad8 25. Nxg5 hxg5 26. Bxg4 Qh6 27. f4 gxf4
28. gxf4 Rf7 29. f5 Qd6 30. Bh5 Rg7 31. f6 Nxf6 32. Qc4+ Nd5 33. Bd2 Kh8 34.
Qh4 Qe7 35. Qh3 Rh7 36. Nh4 Rg8 37. Bf7 Rxh4 38. Qf3 Nf4 39. Bxf4 Qxf7 40. Qe4
exf4 0-1

[Event "FB1 2122 SV Hemer 1932 - SK Schwäbisch"]
[Site "?"]
[Date "2022.04.09"]
[Round "7.6"]
[White "Naumenko, Valerija"]
[Black "Eric, Jovana"]
[Result "0-1"]
[WhiteElo "1751"]
[BlackElo "2278"]
[PlyCount "112"]
[EventDate "2022.??.??"]

1. e4 c5 2. Nf3 d6 3. d4 cxd4 4. Nxd4 Nf6 5. Nc3 a6 6. Be2 e6 7. O-O Be7 8. Be3
Qc7 9. Qd2 b5 10. a3 Bb7 11. f3 Nbd7 12. Kh1 O-O 13. Rfd1 Nb6 14. Qe1 d5 15.
exd5 Nbxd5 16. Nxd5 Nxd5 17. Bf2 Bf6 18. c3 e5 19. Nb3 Nf4 20. Nc5 Bc6 21. Bd3
Nxd3 22. Rxd3 Be7 23. Qe3 Rfe8 24. Bg1 h6 25. Rad1 Bg5 26. Qf2 f5 27. Rd6 Qc8
28. Rg6 Kh7 29. Rdd6 Bf6 30. Qg3 Rg8 31. Ne6 Bd7 32. Nc5 f4 33. Qe1 Bf5 34.
Rgxf6 gxf6 35. Rxf6 Rg6 36. Qxe5 Rxf6 37. Qxf6 Qf8 38. Qxf8 Rxf8 39. Nxa6 Rd8
40. Bd4 Re8 41. Kg1 Re2 42. c4 Bd3 43. g3 fxg3 44. hxg3 Bxc4 45. Nb4 Kg6 46.
Bc3 Kf5 47. Bg7 h5 48. Bc3 h4 49. gxh4 Kf4 50. Nc6 Kg3 51. h5 Rg2+ 52. Kh1 Rc2
53. Be5+ Kh3 54. Kg1 Rg2+ 55. Kh1 Rf2 56. Nb4 Rf1# 0-1

[Event "FB1 2122 SK Lehrte - SC Bad Königshofe"]
[Site "?"]
[Date "2022.04.09"]
[Round "7.1"]
[White "Osmak, Yuliia"]
[Black "Newrkla, Katharina"]
[Result "1-0"]
[WhiteElo "2434"]
[BlackElo "2252"]
[PlyCount "149"]
[EventDate "2022.??.??"]

1. d4 Nf6 2. c4 g6 3. Nf3 Bg7 4. g3 O-O 5. Bg2 d6 6. O-O Nc6 7. Nc3 e5 8. dxe5
Nxe5 9. Nxe5 dxe5 10. Qxd8 Rxd8 11. Bg5 Rd7 12. Na4 h6 13. Be3 Ng4 14. Bc1 Rb8
15. h3 Nf6 16. Nc5 Rd8 17. Be3 b6 18. Nd3 e4 19. Nb4 Bb7 20. Rad1 c5 21. Nc2
Nd7 22. b3 Ne5 23. g4 g5 24. Na3 a6 25. Nb1 Ng6 26. Rxd8+ Rxd8 27. Nd2 Re8 28.
Rd1 Nf4 29. Bxf4 gxf4 30. Nb1 Bd4 31. Na3 f3 32. exf3 exf3 33. Bf1 Be4 34. Re1
Bc3 35. Rd1 Bb2 36. Nb1 Bc2 37. Rd2 Bxb1 38. Rxb2 Re1 39. Rd2 Kf8 40. a3 a5 41.
h4 Be4 42. Rd6 Kg7 43. a4 Rb1 44. g5 hxg5 45. hxg5 Rxb3 46. Kh2 Rb4 47. Kg3 Kf8
48. Kf4 Ke7 49. Ke5 Bf5 50. Rc6 Kd7 51. Rf6 Bg6 52. Rxf3 Rxa4 53. Bd3 Bxd3 54.
Rxd3+ Ke7 55. Rd6 Ra2 56. Rxb6 Rxf2 57. Ra6 Re2+ 58. Kd5 Rg2 59. Ra7+ Kf8 60.
Kxc5 Rxg5+ 61. Kb6 Rg1 62. c5 Rb1+ 63. Kc7 Ke7 64. Kc8+ Ke6 65. c6 f5 66. c7
Ke5 67. Rxa5+ Ke4 68. Rc5 Rh1 69. Kd7 Rh8 70. Rc4+ Ke3 71. Rc6 Ra8 72. Ra6 Rxa6
73. c8=Q Ra4 74. Qc1+ Kd3 75. Qd1+ 1-0

[Event "FB1 2122 SK Lehrte - SC Bad Königshofe"]
[Site "?"]
[Date "2022.04.09"]
[Round "7.2"]
[White "Hapala, Elisabeth"]
[Black "Melamed, Tatjana"]
[Result "0-1"]
[WhiteElo "2124"]
[BlackElo "2346"]
[PlyCount "80"]
[EventDate "2022.??.??"]

1. e4 c5 2. Nf3 e6 3. d4 cxd4 4. Nxd4 Nc6 5. Nc3 Qc7 6. Be3 a6 7. a3 b5 8. Nxc6
Qxc6 9. Be2 Bb7 10. O-O Qc7 11. Qd2 Nf6 12. Bf3 Bd6 13. g3 Be5 14. Bd4 O-O 15.
Rad1 Rac8 16. Bg2 Rfd8 17. Qg5 d6 18. Bxe5 dxe5 19. Qe3 h6 20. Rfe1 Nd7 21. Bf1
Nb8 22. Rxd8+ Rxd8 23. Bd3 Nc6 24. Ne2 Na5 25. f3 Nc4 26. Bxc4 Qxc4 27. Nc3 a5
28. Rc1 b4 29. axb4 axb4 30. Ne2 Ba6 31. Kf2 Rd6 32. Ke1 Qa2 33. Qc5 Rd7 34.
Qxb4 Rb7 35. Qc3 Rxb2 36. Qxe5 Rxc2 37. Rxc2 Qxc2 38. Nd4 Qc1+ 39. Kf2 Qd2+ 40.
Kg1 Qe1+ 0-1

[Event "FB1 2122 SK Lehrte - SC Bad Königshofe"]
[Site "?"]
[Date "2022.04.09"]
[Round "7.3"]
[White "Belenkaya, Dina"]
[Black "Manusina, Nicole"]
[Result "1-0"]
[WhiteElo "2252"]
[BlackElo "2009"]
[PlyCount "95"]
[EventDate "2022.??.??"]

1. e4 c5 2. Nc3 e6 3. Nf3 Nc6 4. d4 cxd4 5. Nxd4 d6 6. g3 a6 7. Bg2 Qc7 8. O-O
Be7 9. Re1 Nf6 10. Nxc6 bxc6 11. e5 dxe5 12. Rxe5 O-O 13. Qe2 Rb8 14. Na4 Rb5
15. Re3 Nd5 16. Rb3 Qa5 17. c4 Rxb3 18. axb3 Nb4 19. Be3 c5 20. Rd1 e5 21. Bd2
Qc7 22. Bxb4 cxb4 23. Qe3 Be6 24. Bd5 Bd7 25. Qb6 Qxb6 26. Nxb6 Bf5 27. Ra1 Kh8
28. Rxa6 f6 29. Ra7 Bc5 30. Rb7 Rd8 31. Na4 Bf8 32. Rb5 Bc2 33. Nc5 Rc8 34. Ne6
Bxb3 35. Nxf8 Rxf8 36. Rxb4 Bc2 37. c5 Bf5 38. c6 Rc8 39. Rb7 g6 40. b4 Bh3 41.
f3 Rd8 42. Rb5 Ra8 43. Rc5 Ra1+ 44. Kf2 Bc8 45. Rb5 Kg7 46. Rb8 Ba6 47. b5 Rd1
48. bxa6 1-0

[Event "FB1 2122 SK Lehrte - SC Bad Königshofe"]
[Site "?"]
[Date "2022.04.09"]
[Round "7.4"]
[White "Zschischang, Marine"]
[Black "Dordzhieva, Dinara"]
[Result "1-0"]
[WhiteElo "2062"]
[BlackElo "2321"]
[PlyCount "53"]
[EventDate "2022.??.??"]

1. d4 Nf6 2. Nf3 d5 3. c4 e6 4. Nc3 dxc4 5. e3 a6 6. a4 c5 7. Bxc4 Nc6 8. O-O
Be7 9. dxc5 Qc7 10. b3 Bxc5 11. Bb2 O-O 12. Rc1 b6 13. Bd3 Rd8 14. Qe2 Nb4 15.
Bb1 Bb7 16. h3 Qe7 17. Ng5 Rac8 18. Nce4 Nxe4 19. Nxe4 f5 20. Nxc5 bxc5 21. e4
f4 22. Qc4 Kh8 23. f3 e5 24. Rfd1 Nc6 25. Ba3 Nd4 26. Bxc5 Qh4 27. Qd3 1-0

[Event "FB1 2122 SK Lehrte - SC Bad Königshofe"]
[Site "?"]
[Date "2022.04.09"]
[Round "7.5"]
[White "Babiy, Olga"]
[Black "Braje, Monika"]
[Result "1-0"]
[WhiteElo "2261"]
[BlackElo "1775"]
[PlyCount "41"]
[EventDate "2022.??.??"]

1. d4 d5 2. Bf4 Nf6 3. e3 e6 4. Nf3 Be7 5. Nbd2 O-O 6. Ne5 Nbd7 7. Bd3 c5 8. c3
c4 9. Bc2 g6 10. h4 Nh5 11. Bh6 Re8 12. g4 Nxe5 13. dxe5 Ng7 14. Qf3 Qc7 15.
Qg3 f5 16. h5 fxg4 17. hxg6 hxg6 18. Bxg6 Rf8 19. Bxg7 Kxg7 20. Qxg4 Qxe5 21.
Bf5+ 1-0

[Event "FB1 2122 SK Lehrte - SC Bad Königshofe"]
[Site "?"]
[Date "2022.04.09"]
[Round "7.6"]
[White "Grabowski, Petra"]
[Black "Schoene, Maria"]
[Result "0-1"]
[WhiteElo "1636"]
[BlackElo "2218"]
[PlyCount "120"]
[EventDate "2022.??.??"]

1. d4 Nf6 2. Nf3 g6 3. Nc3 Bg7 4. e4 d6 5. Be3 O-O 6. Qd2 a6 7. Bh6 b5 8. Bxg7
Kxg7 9. Bd3 Bb7 10. Qe3 Nbd7 11. O-O b4 12. Ne2 e5 13. dxe5 dxe5 14. h3 Qe7 15.
Nd2 Qc5 16. Qxc5 Nxc5 17. f3 Rfd8 18. Nc1 a5 19. Ndb3 Na4 20. Bb5 Nxb2 21. Nc5
Ra7 22. N1b3 a4 23. Nc1 Rd2 24. Rf2 Rxf2 25. Kxf2 Ra5 26. N5d3 Nd1+ 27. Ke1 Ne3
28. Kd2 Nxc2 29. Kxc2 Rxb5 30. Rb1 c5 31. Nxe5 Bc8 32. Ned3 Be6 33. Kd2 Nd7 34.
Rb2 Nb6 35. Rc2 b3 36. axb3 axb3 37. Rxc5 Rxc5 38. Nxc5 b2 39. Nxe6+ fxe6 40.
Kc2 bxc1=Q+ 41. Kxc1 Nc4 42. g3 Ne3 43. f4 Nf1 44. g4 Ng3 45. f5 Nxe4 46. fxe6
Nf2 47. Kd2 Nxh3 48. Ke3 Kf6 49. e7 Kxe7 50. Kf3 g5 51. Kg2 Kf6 52. Kh2 Ke5 53.
Kxh3 Kf4 54. Kh2 Kxg4 55. Kg2 h5 56. Kg1 Kh3 57. Kh1 g4 58. Kg1 g3 59. Kh1 g2+
60. Kg1 h4 0-1

[Event "FB1 2122 OSG Baden-Baden - SV Weißblau"]
[Site "?"]
[Date "2022.04.09"]
[Round "7.1"]
[White "Cyfka, Karina"]
[Black "Paehtz, Elisabeth"]
[Result "1/2-1/2"]
[WhiteElo "2403"]
[BlackElo "2500"]
[PlyCount "25"]
[EventDate "2022.??.??"]

1. d4 Nf6 2. c4 e6 3. Nf3 b6 4. g3 Ba6 5. Qa4 Bb7 6. Bg2 c5 7. O-O cxd4 8. Nxd4
Bxg2 9. Kxg2 Bc5 10. Rd1 O-O 11. Nc3 h6 12. Qc2 Qc7 13. f3 1/2-1/2

[Event "FB1 2122 OSG Baden-Baden - SV Weißblau"]
[Site "?"]
[Date "2022.04.09"]
[Round "7.2"]
[White "Stefanova, Antoaneta"]
[Black "Kulon, Klaudia"]
[Result "1-0"]
[WhiteElo "2457"]
[BlackElo "2303"]
[PlyCount "107"]
[EventDate "2022.??.??"]

1. c4 Nf6 2. d4 g6 3. Nc3 Bg7 4. e4 O-O 5. h4 d6 6. Be2 c5 7. d5 e6 8. h5 exd5
9. exd5 Nbd7 10. Bg5 Re8 11. Qd2 a6 12. Kf1 b5 13. cxb5 axb5 14. hxg6 fxg6 15.
Bxb5 Qb6 16. Bxf6 Bxf6 17. Nge2 Re7 18. a4 Ba6 19. g3 Ne5 20. Kg2 Bb7 21. Ne4
Bg7 22. N2c3 Nf7 23. Qf4 h6 24. Nf6+ Kh8 25. Nce4 Rf8 26. Rad1 Qd8 27. Qg4 Ne5
28. Qg5 Rxf6 29. Nxf6 Qf8 30. f4 Bxf6 31. Qxh6+ Qxh6 32. Rxh6+ Kg7 33. fxe5
Rxe5 34. Rh2 Bxd5+ 35. Kf1 Rg5 36. Rhd2 Bb3 37. Re1 Bd4 38. Rxd4 cxd4 39. Re4
Rd5 40. Ke2 Bc2 41. Rf4 g5 42. Rf1 Bg6 43. Kd2 g4 44. Rf4 Bf5 45. Bc4 Rc5 46.
Rxd4 Kf6 47. b4 Ke5 48. Ke3 Rc6 49. a5 Bc8 50. Re4+ Kf5 51. b5 Rc5 52. Bd3 Kf6
53. a6 Rc3 54. Rc4 1-0

[Event "FB1 2122 OSG Baden-Baden - SV Weißblau"]
[Site "?"]
[Date "2022.04.09"]
[Round "7.4"]
[White "Heinemann, Josefine"]
[Black "Schulz, Petra"]
[Result "1-0"]
[WhiteElo "2292"]
[BlackElo "2007"]
[PlyCount "47"]
[EventDate "2022.??.??"]

1. e4 e6 2. d4 d5 3. Nd2 c5 4. exd5 Qxd5 5. Ngf3 cxd4 6. Bc4 Qd6 7. O-O Nf6 8.
Nb3 Nc6 9. Nbxd4 Nxd4 10. Nxd4 a6 11. Re1 Be7 12. c3 Qc7 13. Bb3 b6 14. Qf3 Bb7
15. Bf4 Qc8 16. Qh3 Bd5 17. Bc2 Qb7 18. Be5 O-O-O 19. c4 Bxc4 20. Rac1 Kd7 21.
Ba4+ b5 22. Rxc4 Nd5 23. Bxg7 Rhg8 24. Nxe6 1-0

[Event "FB1 2122 OSG Baden-Baden - SV Weißblau"]
[Site "?"]
[Date "2022.04.09"]
[Round "7.6"]
[White "Tammert, Iamze"]
[Black "Just, Anita"]
[Result "1-0"]
[WhiteElo "2299"]
[BlackElo "1885"]
[PlyCount "93"]
[EventDate "2022.??.??"]

1. c4 e5 2. Nc3 f5 3. d3 Nf6 4. g3 Bb4 5. Bg2 O-O 6. Qb3 Bxc3+ 7. Qxc3 d6 8.
Nf3 Nc6 9. b4 a5 10. b5 Nb8 11. O-O Nbd7 12. Ba3 Qe7 13. Rac1 c5 14. bxc6 bxc6
15. Nd2 Ra6 16. e3 c5 17. d4 Ng4 18. Rb1 f4 19. dxc5 dxc5 20. exf4 exf4 21.
Rbe1 Qg5 22. Ne4 Qh5 23. h3 Rh6 24. gxf4 Rxf4 25. Qg3 g5 26. Bc1 Rxe4 27. Rxe4
Ngf6 28. Qxg5+ Qxg5 29. Bxg5 Rg6 30. Bxf6 Nxf6 31. Re3 Ba6 32. Rc1 Nh5 33. Kh2
Nf4 34. Rg3 Nxg2 35. Rxg6+ hxg6 36. Kxg2 Kf7 37. Kg3 Kf6 38. Kf4 g5+ 39. Ke4
Bb7+ 40. Ke3 Ke5 41. Rg1 Kf5 42. Rg4 Bc6 43. f4 gxf4+ 44. Rxf4+ Kg6 45. Rh4 Kg5
46. Rh8 Bb7 47. Rb8 1-0

[Event "FB1 2122 Schachfreunde Deizisau - SG 18"]
[Site "?"]
[Date "2022.04.09"]
[Round "7.2"]
[White "Schleining, Zoya"]
[Black "Rogule, Laura"]
[Result "1-0"]
[WhiteElo "2323"]
[BlackElo "2316"]
[PlyCount "83"]
[EventDate "2022.??.??"]

1. d4 Nf6 2. c4 e6 3. Nc3 d5 4. Bf4 dxc4 5. e3 Nd5 6. Bxc4 Nxf4 7. exf4 g6 8.
Nf3 Bg7 9. O-O O-O 10. Qd3 Nd7 11. Rad1 Qf6 12. g3 Rd8 13. Rfe1 c6 14. Qe2 b5
15. Bb3 Bb7 16. Ne4 Qe7 17. Neg5 Bf6 18. h4 a6 19. Nh2 h6 20. Ne4 c5 21. d5
exd5 22. Bxd5 Bxd5 23. Nxf6+ Qxf6 24. Rxd5 h5 25. f5 c4 26. fxg6 fxg6 27. Nf3
Re8 28. Qxe8+ Rxe8 29. Rxe8+ Kf7 30. Re3 Nf8 31. Ng5+ Kg7 32. Rf3 Qxb2 33. Rf7+
Kg8 34. Rd8 Qb4 35. Rc7 Qe1+ 36. Kg2 Qe5 37. Rdc8 Qd6 38. Kh2 Qd2 39. Rf7 Qd6
40. Ne4 Qa3 41. Rcc7 Kh8 42. Nf6 1-0

[Event "FB1 2122 Schachfreunde Deizisau - SG 18"]
[Site "?"]
[Date "2022.04.09"]
[Round "7.4"]
[White "Jelica, Mara"]
[Black "Otikova, Elina"]
[Result "1-0"]
[WhiteElo "2104"]
[BlackElo "2105"]
[PlyCount "97"]
[EventDate "2022.??.??"]

1. e4 e5 2. Nf3 Nc6 3. Bb5 a6 4. Ba4 Nf6 5. O-O b5 6. Bb3 Bc5 7. c3 d6 8. d3
O-O 9. a4 Rb8 10. axb5 axb5 11. Re1 h6 12. h3 Re8 13. Bc2 Bb6 14. Na3 Bd7 15.
Nxb5 Bxf2+ 16. Kxf2 Rxb5 17. b4 Nh5 18. Kg1 Qf6 19. Rf1 Nf4 20. Bxf4 Qxf4 21.
Qe1 Rb6 22. Bb3 Be6 23. Bxe6 fxe6 24. b5 Rxb5 25. Nd4 Nxd4 26. Rxf4 Nc2 27. Qd1
Nxa1 28. Rf1 Nb3 29. Qf3 Kh8 30. Qf7 Rg8 31. Qxc7 Rc5 32. Qxd6 Rxc3 33. Kh2 Nd4
34. Rd1 Rc2 35. Kh1 Ra8 36. Qxe5 Ne2 37. Rb1 Rd2 38. Rb8+ Rxb8 39. Qxb8+ Kh7
40. Qd6 Rd1+ 41. Kh2 e5 42. Qxe5 Rxd3 43. Qf5+ Kg8 44. Qc5 Rd2 45. Qb4 Rd4 46.
Qb3+ Kh7 47. Qe3 Kg6 48. Qxe2 Kf6 49. Qf2+ 1-0

[Event "FB1 2122 TuRa Harksheide  - Rodewischer"]
[Site "?"]
[Date "2022.04.10"]
[Round "8.3"]
[White "Hagarova, Zuzana"]
[Black "Brandt, Carina"]
[Result "1-0"]
[WhiteElo "2291"]
[BlackElo "2066"]
[PlyCount "43"]
[EventDate "2022.??.??"]

1. e4 c5 2. Nf3 e6 3. d4 cxd4 4. Nxd4 Nc6 5. Nc3 Qc7 6. Be3 a6 7. Bd3 Nf6 8.
O-O Bb4 9. f4 h5 10. h3 b5 11. Nde2 d6 12. a4 Bxc3 13. Nxc3 b4 14. Nb1 Bb7 15.
Nd2 e5 16. Nc4 Nd4 17. Bxd4 exd4 18. e5 Nd5 19. Nxd6+ Kf8 20. Nxb7 Qxb7 21. Be4
d3 22. Qxd3 1-0

[Event "FB1 2122 TuRa Harksheide  - Rodewischer"]
[Site "?"]
[Date "2022.04.10"]
[Round "8.4"]
[White "Waechter, Nathalie"]
[Black "Miturova, Magdalena"]
[Result "0-1"]
[WhiteElo "1999"]
[BlackElo "2210"]
[PlyCount "46"]
[EventDate "2022.??.??"]

1. d4 Nf6 2. c4 e6 3. Nc3 Bb4 4. Qc2 Nc6 5. e3 O-O 6. Bd2 Re8 7. a3 Bf8 8. b4
d5 9. Nf3 e5 10. dxe5 Nxe5 11. Nxe5 Rxe5 12. cxd5 a5 13. bxa5 Nxd5 14. Nxd5
Rxd5 15. e4 Rc5 16. Qd3 Qf6 17. Rb1 Be6 18. Bb4 Rd8 19. Qe3 Rc2 20. Bxf8 Kxf8
21. e5 Qf5 22. g4 Re2+ 23. Kxe2 Bc4+ 0-1

[Event "FB1 2122 TuRa Harksheide  - Rodewischer"]
[Site "?"]
[Date "2022.04.10"]
[Round "8.5"]
[White "Kanakova, Natalie"]
[Black "Koehler, Inken"]
[Result "1-0"]
[WhiteElo "2165"]
[BlackElo "2008"]
[PlyCount "59"]
[EventDate "2022.??.??"]

1. Nf3 d5 2. c4 c6 3. e3 Nf6 4. Nc3 e6 5. b3 Bd6 6. Bb2 O-O 7. Qc2 Nbd7 8. Rg1
e5 9. cxd5 cxd5 10. Nb5 Bb8 11. Ba3 Re8 12. Rc1 e4 13. Nfd4 Ne5 14. Qc3 Nfg4
15. h3 Nxf2 16. Kxf2 Qh4+ 17. g3 Qf6+ 18. Ke1 Bxh3 19. Bxh3 Nd3+ 20. Kd1 Nf2+
21. Kc2 Nxh3 22. Rgf1 Qg6 23. Kb1 a6 24. Nc7 Rc8 25. Nxa8 Rxc3 26. Rxc3 Qg4 27.
Nb6 g6 28. Rc8+ Kg7 29. Bf8+ Kg8 30. Bh6+ 1-0

[Event "FB1 2122 TuRa Harksheide  - Rodewischer"]
[Site "?"]
[Date "2022.04.10"]
[Round "8.6"]
[White "Petrosyan, Ani"]
[Black "Kubikova, Alena"]
[Result "0-1"]
[WhiteElo "1275"]
[BlackElo "2091"]
[PlyCount "76"]
[EventDate "2022.??.??"]

1. Nf3 g6 2. c3 Bg7 3. d4 d5 4. Bf4 Nf6 5. Nbd2 O-O 6. e3 b6 7. Qa4 Bb7 8. Bd3
a6 9. Qc2 Nbd7 10. e4 dxe4 11. Nxe4 Nd5 12. Bg3 c5 13. dxc5 bxc5 14. O-O Qc8
15. Rfe1 c4 16. Bf1 N5b6 17. Rad1 Nc5 18. Nxc5 Qxc5 19. Nd4 e5 20. Nf3 f6 21.
Nd2 Kh8 22. b3 cxb3 23. axb3 Rac8 24. c4 a5 25. Ne4 Bxe4 26. Qxe4 f5 27. Qb1 h6
28. h3 Rcd8 29. Rxd8 Rxd8 30. Rd1 Rd4 31. Qa1 e4 32. Qb1 g5 33. Rxd4 Bxd4 34.
Qc2 Nd7 35. Be2 Nf6 36. Bd1 f4 37. Bh2 Kg7 38. Kf1 Qe5 0-1

[Event "FB1 2122 SC Bad Königshofen 1957 - SV "]
[Site "?"]
[Date "2022.04.10"]
[Round "8.1"]
[White "Voicu-Jagodzinsky, Carmen"]
[Black "Osmak, Yuliia"]
[Result "1-0"]
[WhiteElo "2286"]
[BlackElo "2434"]
[PlyCount "91"]
[EventDate "2022.??.??"]

1. e4 e6 2. d4 d5 3. Nc3 Bb4 4. exd5 exd5 5. Bd3 Nc6 6. a3 Bxc3+ 7. bxc3 Be6 8.
Rb1 Na5 9. Nf3 Ne7 10. O-O Ng6 11. Re1 Qd6 12. Rb5 b6 13. Ng5 O-O-O 14. Nxe6
fxe6 15. Qg4 Rde8 16. h4 Qd7 17. h5 Nf8 18. Rxa5 bxa5 19. Ba6+ Kb8 20. Bf4 Ka8
21. Be5 Rb8 22. c4 Rb6 23. Bb5 c6 24. Ba4 dxc4 25. d5 exd5 26. Qxg7 Qxg7 27.
Bxg7 Rg8 28. Re8+ Kb7 29. h6 d4 30. Bxd4 Rb1+ 31. Kh2 Rg4 32. Re7+ Kc8 33. c3
Ng6 34. Rxh7 Rh4+ 35. Kg3 Rbh1 36. Be3 Ne5 37. Rg7 Re4 38. h7 Reh4 39. Bd4 Rxh7
40. Rxh7 Rxh7 41. Bxe5 Kd7 42. Bd1 Rh1 43. Bg4+ Ke7 44. f4 Re1 45. Kf2 Ra1 46.
f5 1-0

[Event "FB1 2122 SC Bad Königshofen 1957 - SV "]
[Site "?"]
[Date "2022.04.10"]
[Round "8.2"]
[White "Melamed, Tatjana"]
[Black "Frey, Alisa"]
[Result "1-0"]
[WhiteElo "2346"]
[BlackElo "2018"]
[PlyCount "59"]
[EventDate "2022.??.??"]

1. e4 e5 2. Nf3 Nc6 3. Bb5 a6 4. Ba4 Nf6 5. O-O Be7 6. Re1 b5 7. Bb3 O-O 8. a4
Rb8 9. axb5 axb5 10. d3 d6 11. Nbd2 Bg4 12. h3 Bd7 13. Nf1 Qc8 14. c3 Ra8 15.
Rxa8 Qxa8 16. d4 Na5 17. dxe5 Nxe4 18. Bd5 Bc6 19. Bxc6 Qxc6 20. Nd4 Qb7 21.
Nf5 Bg5 22. Qg4 h5 23. Qxh5 g6 24. Nh6+ Kg7 25. Qf3 Bxc1 26. Rxe4 Bxh6 27. Ne3
Bxe3 28. Qf6+ Kh7 29. Rh4+ Bh6 30. Qg5 1-0

[Event "FB1 2122 SC Bad Königshofen 1957 - SV "]
[Site "?"]
[Date "2022.04.10"]
[Round "8.3"]
[White "Ricken, Katharina"]
[Black "Belenkaya, Dina"]
[Result "1/2-1/2"]
[WhiteElo "2189"]
[BlackElo "2252"]
[PlyCount "153"]
[EventDate "2022.??.??"]

1. Nf3 d5 2. g3 Nc6 3. d4 Bf5 4. Bg2 e6 5. O-O Nb4 6. Na3 h6 7. c3 Nc6 8. Qb3
Rb8 9. Re1 Nf6 10. Nd2 Be7 11. e4 dxe4 12. Nxe4 Nxe4 13. Bxe4 Bxe4 14. Rxe4 Qd5
15. Re1 a6 16. Bf4 Qxb3 17. axb3 Kd7 18. Nc4 Rbd8 19. Ne5+ Nxe5 20. Bxe5 f6 21.
Bf4 g5 22. Be3 Bd6 23. Rad1 c6 24. Kg2 Rdg8 25. h3 h5 26. f3 f5 27. Bf2 Rh6 28.
Rh1 Rf6 29. Rhf1 Rh6 30. Rh1 h4 31. g4 Bf4 32. Rhe1 Rf6 33. Be3 Bg3 34. Rf1 Kd6
35. c4 Rf7 36. Bd2 c5 37. Be3 cxd4 38. Rxd4+ Kc6 39. Rfd1 Be5 40. Rd8 Rxd8 41.
Rxd8 f4 42. Bc1 Re7 43. Kf1 Bf6 44. Ke2 Kc7 45. Rd1 b5 46. Kd3 Rd7+ 47. Kc2 Bd4
48. Bd2 Kc6 49. Bb4 e5 50. Re1 Be3 51. Re2 bxc4 52. bxc4 Rd4 53. b3 e4 54. fxe4
Rxe4 55. Bd2 Kc5 56. Bxe3+ fxe3 57. Kd3 Rf4 58. Rxe3 Kb4 59. Ke2 Rf6 60. Rf3
Rd6 61. Rd3 Rf6 62. Ke3 Re6+ 63. Kd4 a5 64. Kd5 Re8 65. Rf3 Re1 66. Kd4 Re2 67.
Re3 Rf2 68. Ke4 Rf4+ 69. Ke5 Rf1 70. Rd3 Rg1 71. Rf3 Rg3 72. Ke4 Rg1 73. Re3
Rg2 74. Kf3 Rh2 75. Ke4 Rg2 76. Kf3 Rh2 77. Ke4 1/2-1/2

[Event "FB1 2122 SC Bad Königshofen 1957 - SV "]
[Site "?"]
[Date "2022.04.10"]
[Round "8.4"]
[White "Dordzhieva, Dinara"]
[Black "Sewald, Kathrin"]
[Result "1-0"]
[WhiteElo "2321"]
[BlackElo "1977"]
[PlyCount "65"]
[EventDate "2022.??.??"]

1. d4 c5 2. d5 d6 3. Nc3 g6 4. e4 Bg7 5. Nf3 Nf6 6. Bc4 O-O 7. O-O Na6 8. Re1
Ne8 9. Bf4 h6 10. e5 g5 11. Bg3 f5 12. exf6 exf6 13. Nd2 f5 14. f4 Nf6 15. Nb5
Ne8 16. c3 Bf6 17. Nf1 Nac7 18. Nxc7 Nxc7 19. a4 Rb8 20. Ne3 Bg7 21. Bd3 b6 22.
fxg5 hxg5 23. Rf1 f4 24. Qh5 Rf7 25. Bg6 Rf6 26. Bh7+ Kf8 27. Qxg5 fxg3 28.
Rxf6+ Bxf6 29. Rf1 gxh2+ 30. Kh1 Ne8 31. Qh6+ Kf7 32. Bg6+ Ke7 33. Qh7+ 1-0

[Event "FB1 2122 SC Bad Königshofen 1957 - SV "]
[Site "?"]
[Date "2022.04.10"]
[Round "8.5"]
[White "Naumenko, Valerija"]
[Black "Babiy, Olga"]
[Result "0-1"]
[WhiteElo "1751"]
[BlackElo "2261"]
[PlyCount "78"]
[EventDate "2022.??.??"]

1. e4 c5 2. Nf3 d6 3. d4 cxd4 4. Nxd4 Nf6 5. Nc3 a6 6. Be2 e5 7. Nb3 Be7 8. O-O
O-O 9. Be3 Be6 10. f3 Nbd7 11. Qd2 Rc8 12. a4 Nb6 13. Rfd1 Qc7 14. a5 Nc4 15.
Bxc4 Bxc4 16. Nc1 d5 17. exd5 Rfd8 18. Nd3 Nxd5 19. Nxd5 Rxd5 20. Qe1 Bxd3 21.
cxd3 Qd7 22. Qe2 Qb5 23. Rd2 Bb4 24. Rc2 Rxc2 25. Qxc2 Bxa5 26. Rd1 h6 27. Kh1
Qd7 28. h3 Bd8 29. Bf2 Bg5 30. Bg3 Be3 31. Qe2 Bd4 32. f4 exf4 33. Bxf4 Bf6 34.
Bg3 Qb5 35. Rd2 Rd8 36. Bh2 a5 37. Qf2 Rxd3 38. Rxd3 Qxd3 39. Bg1 Qb5 0-1

[Event "FB1 2122 SC Bad Königshofen 1957 - SV "]
[Site "?"]
[Date "2022.04.10"]
[Round "8.6"]
[White "Schoene, Maria"]
[Black "Dartmann Aubanell, Catriona"]
[Result "1-0"]
[WhiteElo "2218"]
[BlackElo "1878"]
[PlyCount "61"]
[EventDate "2022.??.??"]

1. e4 e6 2. d4 d5 3. Nc3 Nf6 4. Bg5 Be7 5. e5 Nfd7 6. Bxe7 Qxe7 7. f4 a6 8. Nf3
c5 9. Qd2 Nc6 10. dxc5 Nxc5 11. O-O-O b5 12. Bd3 Nb4 13. Kb1 Nbxd3 14. cxd3 b4
15. Ne2 a5 16. Ned4 Ba6 17. Qe3 Rc8 18. f5 Qc7 19. g4 b3 20. a3 Qb6 21. h4 Rc7
22. f6 g6 23. h5 Na4 24. hxg6 Rc2 25. Rd2 fxg6 26. Ka1 Nxb2 27. Nxc2 Qxe3 28.
Nxe3 Nxd3 29. Rdh2 h5 30. gxh5 Rh7 31. hxg6 1-0

[Event "FB1 2122 SK Schwäbisch Hall - SK Lehrt"]
[Site "?"]
[Date "2022.04.10"]
[Round "8.1"]
[White "Newrkla, Katharina"]
[Black "Arabidze, Meri"]
[Result "0-1"]
[WhiteElo "2252"]
[BlackElo "2430"]
[PlyCount "98"]
[EventDate "2022.??.??"]

1. e4 e5 2. Nf3 Nc6 3. Bc4 Bc5 4. c3 Nf6 5. d3 O-O 6. O-O d6 7. h3 h6 8. Re1
Bb6 9. Nbd2 Nh5 10. Nf1 Qf6 11. Ne3 Nf4 12. Nd5 Nxd5 13. Bxd5 Ne7 14. Bb3 g5
15. Be3 Ng6 16. Nh2 Nf4 17. a4 c6 18. a5 Bc7 19. Bxf4 gxf4 20. Qh5 Kh7 21. d4
Qg6 22. Qxg6+ fxg6 23. dxe5 dxe5 24. Red1 g5 25. Rd2 Kg6 26. Bd1 h5 27. Be2 Be6
28. b4 Rfd8 29. Rad1 Rxd2 30. Rxd2 b6 31. a6 b5 32. Nf3 Rb8 33. Ne1 Rb6 34. Nd3
Rxa6 35. Nc5 Ra1+ 36. Kh2 Bc8 37. c4 bxc4 38. Bxc4 g4 39. hxg4 hxg4 40. Ne6 Bb6
41. Nc5 Bc7 42. Ne6 Bxe6 43. Bxe6 Kg5 44. g3 Bb6 45. Bf7 Re1 46. Be8 f3 47. Rd6
Rxe4 48. Rg6+ Kf5 49. Rxc6 Re2 0-1